Catálogo
 En Linea

El rey Zamuro / (Registro nro. 8203)

Detalles MARC
000 -CABECERA
campo de control de longitud fija 00532nam a2200181 a 4500
001 - NÚMERO DE CONTROL
campo de control 000008432
005 - FECHA Y HORA DE LA ÚLTIMA TRANSACCIÓN
campo de control 20200929161336.0
008 - DATOS DE LONGITUD FIJA--INFORMACIÓN GENERAL
campo de control de longitud fija 820205s1978 ve a 000 1 spa
010 ## - NÚMERO DE CONTROL DE LA BIBLIOTECA DEL CONGRESO
Número de control de LC 80147934
040 ## - FUENTE DE LA CATALOGACIÓN
Centro catalogador/agencia de origen DO-SdBNP
Centro/agencia transcriptor DLC
Centro/agencia modificador DLC
050 00 - SIGNATURA TOPOGRÁFICA DE LA BIBLIOTECA DEL CONGRESO
Número de clasificación PQ8550.28.O49
Número de documento/Ítem R4
082 00 - NÚMERO DE LA CLASIFICACIÓN DECIMAL DEWEY
Número de clasificación 863
Número de edición 19
100 2# - ENTRADA PRINCIPAL--NOMBRE DE PERSONA
Nombre de persona Romero Martinez, Vinicio.
9 (RLIN) 22713
245 13 - MENCIÓN DE TÍTULO
Título El rey Zamuro /
Mención de responsabilidad, etc. Vinicio Romero Martinez.
260 ## - PUBLICACIÓN, DISTRIBUCIÓN, ETC.
Lugar de publicación, distribución, etc. Caracas :
Nombre del editor, distribuidor, etc. Ediciones de la Revista Zeta,
Fecha de publicación, distribución, etc. 1978.
300 ## - DESCRIPCIÓN FÍSICA
Extensión 285 p. :
Otras características físicas ill. ;
Dimensiones 19 cm.
910 ## - DATOS DE OPCIÓN DEL USUARIO (OCLC)
Datos de opción del usuario Catalogación por copia / LC
Existencias
Estado de retiro Estado de pérdida Restricciones de uso No para préstamo Código de colección Localización permanente Ubicación/localización actual Ubicación en estantería Fecha de adquisición Número de inventario Total de préstamos Signatura topográfica completa Código de barras Fecha visto por última vez Precio válido a partir de Tipo de ítem Koha
    Préstamo interno Préstamo restrigido Monografías: Libros y Folletos General General En encuadernación 16.09.2009 LF1   863 8432-10 25.06.2020 25.06.2020 Préstamo interno

Con tecnología Koha